|
|
|
|
| LEADER |
04562nam a2200469 a 4500 |
| 001 |
GR-Antirio924 |
| 008 |
140320s2010 gr g 000 0 eng d |
| 020 |
|
|
|a 9789606759420
|
| 040 |
|
|
|a GrPaTEI
|b gre
|c GR-PaULI
|
| 040 |
|
|
|a GrPaTEI
|b gre
|c GR-PaULI
|
| 082 |
|
0 |
|a 420.07
|2 21
|
| 100 |
1 |
|
|a Κολέθρα, Ελένη
|
| 245 |
1 |
0 |
|a English for information technology /
|c Eleni Kolethra, Lina Balari-Petrianidi.
|
| 250 |
|
|
|a 1η έκδ.
|
| 260 |
|
|
|a Αθήνα :
|b Εκδόσεις Νέων Τεχνολογιών,
|c 2010
|
| 300 |
|
|
|a 306 σ. :
|b είκ.
|
| 500 |
|
|
|a Σύστημα "ΕΥΔΟΞΟΣ": αρ. εισ. 9094, 9095, 9431, 9459, 9460, 9512, 9513, 9572, 9573
|
| 500 |
|
|
|a Τμήμα Μηχανικών Πληροφορικής Τ.Ε. (Αντίρριο)
|
| 504 |
|
|
|a Βιβλιογραφία: σ.[305]-306
|
| 610 |
|
4 |
|a Σύστημα ΕΥΔΟΞΟΣ
|
| 610 |
2 |
4 |
|a Τμήμα Μηχανικών Πληροφορικής Τ.Ε. (Αντίρριο)
|
| 650 |
|
4 |
|a Τεχνολογία της πληροφόρησης
|x Ορολογία
|
| 653 |
|
|
|a Αγγλική γλώσσα - Διδασκαλία
|
| 700 |
1 |
|
|a Μπαλαρή - Πετριανίδη, Λίνα
|
| 710 |
0 |
|
|a Νέων Τεχνολογιών
|
| 942 |
|
|
|2 ddc
|
| 952 |
|
|
|0 0
|1 0
|2 ddc
|4 0
|6 420_070000000000000_ΚΟΛ
|7 0
|9 262445
|a LISK-2
|b LISK-2
|c EUD
|d 2021-01-17
|e 24
|f 0
|g 0.00
|l 0
|o 420.07 ΚΟΛ
|p 2430000009094
|r 2021-01-17 00:00:00
|t 1
|w 2021-01-17
|y BK15
|x 20140320 0 ΧΑΣΑΝΗ 1
|x GrPaTEI - Antirrio
|
| 952 |
|
|
|0 0
|1 0
|2 ddc
|4 0
|6 420_070000000000000_ΚΟΛ
|7 0
|9 262446
|a LISK-2
|b LISK-2
|c EUD
|d 2021-01-17
|e 24
|f 0
|g 0.00
|l 0
|o 420.07 ΚΟΛ
|p 2430000009095
|r 2021-01-17 00:00:00
|t 1
|w 2021-01-17
|y BK15
|x 20140320 0 ΧΑΣΑΝΗ 1
|x GrPaTEI - Antirrio
|
| 952 |
|
|
|0 0
|1 0
|2 ddc
|4 0
|6 420_070000000000000_ΚΟΛ
|7 0
|9 262447
|a LISK-2
|b LISK-2
|c EUD
|d 2021-01-17
|e 24
|f 0
|g 0.00
|l 0
|o 420.07 ΚΟΛ
|p 2430000009431
|r 2021-01-17 00:00:00
|t 1
|w 2021-01-17
|y BK15
|x 20141111 0 ΧΑΣΑΝΗ 1
|x GrPaTEI - Antirrio
|
| 952 |
|
|
|0 0
|1 0
|2 ddc
|4 0
|6 420_070000000000000_ΚΟΛ
|7 0
|9 262448
|a LISK-2
|b LISK-2
|c EUD
|d 2021-01-17
|e 24
|f 0
|g 0.00
|l 0
|o 420.07 ΚΟΛ
|p 2430000009459
|r 2021-01-17 00:00:00
|t 1
|w 2021-01-17
|y BK15
|x 20141111 0 ΧΑΣΑΝΗ 1
|x GrPaTEI - Antirrio
|
| 952 |
|
|
|0 0
|1 0
|2 ddc
|4 0
|6 420_070000000000000_ΚΟΛ
|7 0
|9 262449
|a LISK-2
|b LISK-2
|c EUD
|d 2021-01-17
|e 24
|f 1
|g 0.00
|l 0
|o 420.07 ΚΟΛ
|p 2430000009460
|q 2017-02-13
|r 2021-01-17 00:00:00
|t 1
|w 2021-01-17
|y BK15
|x 20141111 0 ΧΑΣΑΝΗ 1
|x GrPaTEI - Antirrio
|
| 952 |
|
|
|0 0
|1 0
|2 ddc
|4 0
|6 420_070000000000000_ΚΟΛ
|7 0
|9 262450
|a LISK-2
|b LISK-2
|c EUD
|d 2021-01-17
|e 24
|f 0
|g 0.00
|l 0
|o 420.07 ΚΟΛ
|p 2430000009512
|r 2021-01-17 00:00:00
|t 1
|w 2021-01-17
|y BK15
|x 20141204 0 Α.Ι. 1
|x GrPaTEI - Antirrio
|
| 952 |
|
|
|0 0
|1 0
|2 ddc
|4 0
|6 420_070000000000000_ΚΟΛ
|7 0
|9 262451
|a LISK-2
|b LISK-2
|c EUD
|d 2021-01-17
|e 24
|f 0
|g 0.00
|l 0
|o 420.07 ΚΟΛ
|p 2430000009513
|r 2021-01-17 00:00:00
|t 1
|w 2021-01-17
|y BK15
|x 20141204 0 Α.Ι. 1
|x GrPaTEI - Antirrio
|
| 952 |
|
|
|0 0
|1 0
|2 ddc
|4 0
|6 420_070000000000000_ΚΟΛ
|7 0
|9 262452
|a LISK-2
|b LISK-2
|c EUD
|d 2021-01-17
|e 24
|f 0
|g 0.00
|l 0
|o 420.07 ΚΟΛ
|p 2430000009572
|r 2021-01-17 00:00:00
|t 1
|w 2021-01-17
|y BK15
|x 20150127 0 ΧΑΣΑΝΗ 1
|x GrPaTEI - Antirrio
|
| 952 |
|
|
|0 0
|1 0
|2 ddc
|4 0
|6 420_070000000000000_ΚΟΛ
|7 0
|9 262453
|a LISK-2
|b LISK-2
|c EUD
|d 2021-01-17
|e 24
|f 0
|g 0.00
|l 0
|o 420.07 ΚΟΛ
|p 2430000009573
|r 2021-01-17 00:00:00
|t 1
|w 2021-01-17
|y BK15
|x 20150127 0 ΧΑΣΑΝΗ 1
|x GrPaTEI - Antirrio
|
| 952 |
|
|
|0 0
|1 0
|2 ddc
|4 0
|6 428_240240904000000_KOL
|7 0
|9 321566
|a MSLG
|b MSLG
|c EUD
|d 2021-01-23
|e 24
|f 0
|g 0.00
|i 26234
|l 0
|o 428.240240904 KOL
|p 2420000026234
|r 2021-01-23 00:00:00
|t 1
|w 2021-01-23
|y BK15
|x 20131210 0 ΧΑΣΑΝΗ 1
|x GrPaTEI
|
| 952 |
|
|
|0 0
|1 0
|2 ddc
|4 0
|6 428_240240904000000_KOL
|7 0
|9 321567
|a MSLG
|b MSLG
|c EUD
|d 2021-01-23
|e 24
|f 0
|g 0.00
|i 26235
|l 0
|o 428.240240904 KOL
|p 2420000026235
|r 2021-01-23 00:00:00
|t 2
|w 2021-01-23
|y BK15
|x 20131210 0 ΧΑΣΑΝΗ 1
|x GrPaTEI
|
| 952 |
|
|
|0 0
|1 0
|2 ddc
|4 0
|6 428_240240904000000_KOL
|7 0
|9 321568
|a MSLG
|b MSLG
|c EUD
|d 2021-01-23
|e 24
|f 1
|g 0.00
|i 26236
|l 0
|o 428.240240904 KOL
|p 2420000026236
|r 2021-01-23 00:00:00
|t 3
|w 2021-01-23
|y BK15
|x 20131210 0 ΧΑΣΑΝΗ 1
|x GrPaTEI
|
| 952 |
|
|
|0 0
|1 0
|2 ddc
|4 0
|6 428_240240904000000_KOL
|7 0
|9 321569
|a MSLG
|b MSLG
|c EUD
|d 2021-01-23
|e 24
|f 0
|g 0.00
|i 26237
|l 0
|o 428.240240904 KOL
|p 2420000026237
|r 2021-01-23 00:00:00
|t 4
|w 2021-01-23
|y BK15
|x 20131210 0 ΧΑΣΑΝΗ 1
|x GrPaTEI
|
| 952 |
|
|
|0 0
|1 0
|2 ddc
|4 0
|6 428_240240904000000_KOL
|7 0
|9 321573
|a MSLG
|b MSLG
|c BSC
|d 2021-01-23
|e 24
|f 0
|g 0.00
|i 27808
|l 0
|o 428.240240904 KOL
|p 2420000027808
|r 2021-01-23 00:00:00
|t 5
|w 2021-01-23
|y BK15
|x 20150723 0 K.G. 1
|x GrPaTEI
|
| 971 |
|
|
|a .b25707231
|b 15-04-20
|c 12-09-16
|
| 999 |
|
|
|c 151319
|d 151319
|